ბათუმის შოთა რუსთაველის სახელმწიფო უნივერსიტეტის ბიბლიოთეკა

ინფექციური დაავადებები. (ბიბ.ჩანაწერი № 34929)

000 -LEADER
fixed length control field 00781nam a2200229Ia 4500
001 - CONTROL NUMBER
control field 757
003 - CONTROL NUMBER IDENTIFIER
control field GE_BSU
008 - FIXED-LENGTH DATA ELEMENTS--GENERAL INFORMATION
fixed length control field 181216s||||||||xx |||||||||||||| ||und||
040 ## - CATALOGING SOURCE
Transcribing agency GE_BSU
080 ## - UNIVERSAL DECIMAL CLASSIFICATION NUMBER
Universal Decimal Classification number 616.9(075.8)
100 ## - MAIN ENTRY--PERSONAL NAME
Personal name ბოცვაძე,ე.
245 ## - TITLE STATEMENT
Title ინფექციური დაავადებები.
245 ## - TITLE STATEMENT
Remainder of title სახელმძღვანელო უმაღლეს სამედიცინო სასწ. სტუდ–ს
245 ## - TITLE STATEMENT
Statement of responsibility, etc. რედ.თ.კაციტაძე
260 ## - PUBLICATION, DISTRIBUTION, ETC.
Place of publication, distribution, etc. თბილისი
260 ## - PUBLICATION, DISTRIBUTION, ETC.
Name of publisher, distributor, etc. შპს"კაბადონი
260 ## - PUBLICATION, DISTRIBUTION, ETC.
Date of publication, distribution, etc. 2000
300 ## - PHYSICAL DESCRIPTION
Extent 584გვ.
653 ## - INDEX TERM--UNCONTROLLED
Uncontrolled term ინფექციური დაავადებები.
942 ## - ADDED ENTRY ELEMENTS (KOHA)
Koha item type წიგნი
ეგზემპლარები
Withdrawn status Lost status Damaged status Not for loan Date acquired Barcode Date last seen Price effective from Koha item type Public note
        2018-12-17 2441 2018-12-17 2018-12-17 წიგნი დარბაზი
        2018-12-17 2442 2018-12-17 2018-12-17 წიგნი დარბაზი
        2018-12-17 2443 2018-12-17 2018-12-17 წიგნი საცავი